000 00422nam a2200157Ia 4500
005 20251020182614.0
008 200515s9999 xx 000 0 und d
082 _aSC/69:330.322/P45 1985
110 _aOficina de Presupuesto y Planificación
245 0 _aInversión en la actividad de la construcción para el año 1985
260 _aLima
260 _c1985
300 _a199
650 _aCONSTRUCCION
942 _cLIB
999 _c3428
_d3428